01152cam a2200277 a 4500001000500000005001700005020003000022020001800052020002500070040002300095050002300118082001700141100002100158245011000179260004400289300004400333490002800377500003400405505000700439520029900446521001900745521001800764650002600782700003200808700003400840238320240126095518.0 a9781434215604 (lib. bdg.) a9780545235099 a9781434217271 (pbk.) aDLCcDLCdDLCbeng00aPZ7.L5374bPu 201000a741.59412221 aLemke, Donald B.14aThe puppet master's revenge /cwritten by Donald Lemke ; illustrated by Rick Burchett and Lee Loughridge. aMinneapolis :bStone Arch Books,c2013. a49 pages :bcolor illustrations c20 cm0 aDC super heroes. Batman a"Batman created by Bob Kane." aR  a"The evil puppet Scarface and his wiseguys just pulled off one of the biggest heists in Gotham history. But there's a rat among the thieves, and the loose lips are helping Batman crack the case. Has the Ventriloquist betrayed his wooden creation to the Dark Knight"--Unedited summary from book.1 a670 bLexile 0 aR bRaz-Plus  1aSuperheroesvFiction.1 aBurchett, Rickeillustrator1 aLoughridge, Lee,eillustrator